STN EN 17917: 2024 (50 7023), Papier a lepenka. Papier a lepenka určené na styk s potravinami. Stanovenie hliníka vo vodných výluhoch
Táto slovenská technická norma je slovenskou verziou európskej normy EN 17917: 2023. Preklad zabezpečil Úrad pre normalizáciu, metrológiu a skúšobníctvo Slovenskej republiky. STN EN 17917 má rovnaké postavenie, ako majú oficiálne verzie
| Other Authors: | |
|---|---|
| Format: | Book |
| Language: | Slovak English |
| PhysicalDescription: | 12 strán tabuľka, vzorec 30 cm |
| Published: |
Bratislava
Úrad pre normalizáciu, metrológiu a skúšobníctvo Slovenskej republiky
2024
|
| Subjects: |
MARC
| LEADER | 00000cam a2200000 a 4500 | ||
|---|---|---|---|
| 001 | vtls012263062 | ||
| 003 | SK-MaSNL | ||
| 005 | 20260301110009.0 | ||
| 008 | 240902s2024 xo al f nu 000 0 slo | ||
| 015 | |a SNBN2025 | ||
| 040 | |a SNK |b slo |c SNK |e AACR2 | ||
| 041 | 1 | |a slo |h eng | |
| 044 | |a xo |c SK | ||
| 046 | |a s |m 20240901 (účin.) | ||
| 072 | 7 | |a 676 |x Papierenský priemysel |2 konspekt | |
| 080 | |a 676.2 |2 2011 | ||
| 080 | |a 006.7/.8 |2 2011 | ||
| 080 | |a (437.6) |2 2011 | ||
| 080 | |a (4) |2 2011 | ||
| 084 | |a 67.250 |2 ICS | ||
| 084 | |a 85.060 |2 ICS | ||
| 130 | 0 | |a STN 50 7023 (STN EN 17917) |9 447239 | |
| 245 | 1 | 0 | |a STN EN 17917: 2024 (50 7023), Papier a lepenka. Papier a lepenka určené na styk s potravinami. Stanovenie hliníka vo vodných výluhoch |
| 246 | 1 | 0 | |a Papier a lepenka |
| 246 | 1 | 0 | |a Papier a lepenka určené na styk s potravinami |
| 246 | 1 | 0 | |a Stanovenie hliníka vo vodných výluhoch |
| 246 | 3 | 0 | |a EN 17917: 2023 SK |
| 260 | |a Bratislava |b Úrad pre normalizáciu, metrológiu a skúšobníctvo Slovenskej republiky |c 2024 | ||
| 300 | |a 12 strán |b tabuľka, vzorec |c 30 cm | ||
| 500 | |a Súbežný názov v angličtine, francúzštine, nemčine | ||
| 500 | |a Spracovateľ: Branislav Kočan - Vydavateľstvo POČUJ, Natália Kočanová, Bratislava | ||
| 500 | |a Táto slovenská technická norma nahrádza anglickú verziu STN EN 17917 z marca 2024 v celom rozsahu | ||
| 504 | |a Normatívne referenčné dokumenty na strane 2 a bibliografia na strane 10 | ||
| 520 | 8 | |a Táto slovenská technická norma je slovenskou verziou európskej normy EN 17917: 2023. Preklad zabezpečil Úrad pre normalizáciu, metrológiu a skúšobníctvo Slovenskej republiky. STN EN 17917 má rovnaké postavenie, ako majú oficiálne verzie | |
| 540 | |a STN vydané na akomkoľvek nosiči sa môžu rozmnožovať a rozširovať iba so súhlasom určenej právnickej osoby |b SÚTN Bratislava |c zákon 60/2018 Z. z. | ||
| 650 | 0 | 7 | |a papier |2 SNKPH |9 19457 |
| 650 | 0 | 7 | |a technické normy a štandardy |z Slovensko |2 SNKPH |9 79594 |
| 650 | 0 | 7 | |a technické normy a štandardy |z krajiny Európskej únie |2 SNKPH |9 289341 |
| 650 | 0 | 7 | |a lepenka |2 SNKPH |9 85375 |
| 650 | 0 | 7 | |a Paper |2 SNKPHeng |9 321803 |
| 655 | 7 | |a normy |2 SNKPH |9 70643 | |
| 700 | 1 | |a Kočanová, Natália |4 trl |9 309870 | |
| 710 | 1 | |a Slovensko. |b Úrad pre normalizáciu, metrológiu a skúšobníctvo |4 stn |9 158117 | |
| 710 | 2 | |a Slovenský ústav technickej normalizácie (Bratislava, Slovensko). |b Technická komisia č. 90 Obaly, buničina, papier a lepenka |4 stn |9 303030 | |
| 710 | 2 | |a Branislav Kočan - Vydavateľstvo Počuj (Bratislava, Slovensko) |4 stn |9 371909 | |
| 958 | |a OP | ||
| 958 | |a NB | ||
| 999 | |c 702136 |d 704066 | ||
| 952 | |a SNK |b SNK |y PREZ |7 0 |p 17A1538463 |o snkSTN EN 17917 |i snk2025/3759 |8 0 |0 0 |1 0 |4 0 |d 2025-03-03 |l 0 |r 2026-02-23 21:02:37 |w 2026-02-23 | ||


